=LDR 00000nam 2200000 4500 =001 INLIS000000000015663 =005 20130612110933 =008 ***********************************Indo** =035 ##$$0010-061300000015663 =041 ##$$a Indo =082 ##$$a 028.5 =090 ##$$a 028.5, Bas s =100 ##$$a Basya Abdurrahman Ra'fat =245 ##$$a Salim Bin Abdullah Bin Umar Penegak Keadilan, Drs.Abdurrhman Ra'fat Basya,Penerjemah Masykur Ab =250 ##$$a Seri Kisah Para Tabiin =260 ##$$a 1993 $b Bandung =300 ##$$a 27 hlm, ilus, 19 cm =650 ##$$a Bacaan Kanak-Kanak Terjemahan =700 ##$$a Penerjemah Masykur Ab =850 ##$$a NBPNMAT